[Event "Istanbul (ol)"]
[Site "?"]
[Date "2000.??.??"]
[Round "?"]
[White "Korchnoi, V."]
[Black "Van Wely, L."]
[Result "0-1"]
[WhiteElo "2620"]
[BlackElo "2640"]
[PlyCount "80"]
[EventDate "2000.??.??"]
[Source "Chess Informant"]
[SourceDate "2000.10.01"]

1. d4 Nf6 2. c4 g6 3. Nc3 d5 4. e3 Bg7 5. Qb3 e6 6. Qa3 a5 7. Nf3 c6 8. b3 Na6 9. c5 Nd7 10. Bxa6 Rxa6 11. Na4 g5 12. O-O g4 13. Ne1 h5 14. Nd3 Qg5 15. Qb2 e5 16. e4 Qg6 17. Nxe5 Nxe5 18. dxe5 Qxe4 19. Bd2 h4 20. Rae1 Qf5 21. Bc3 Be6 22. Nb6 h3 23. f3 hxg2 24. Qxg2 Qd3 25. Bb2 Bf8 26. Na4 Rg8 27. Qg3 Qh7 28. f4 Bf5 29. e6 fxe6 30. Rxe6+ Bxe6 31. f5 Bc8 32. Qb8 Qd7 33. Re1+ Kf7 34. Qe5 Qe7 35. Qg3 Qd8 36. Bd4 Rg5 37. f6 Bf5 38. Qh4 Rg8 39. Qh5+ Bg6 40. Qe5 Qd7 0-1

[Event "otb"]
[Site "otb"]
[Date "2007.01.14"]
[Round "6"]
[White "Korchnoi Viktor"]
[Black "Kurnosov Igor"]
[Result "1/2-1/2"]
[WhiteElo "2629"]
[BlackElo "2580"]
[PlyCount "120"]
[Source "www.chesslib.no"]
[SourceDate "2004.05.04"]

1. d4 Nf6 2. c4 g6 3. Nc3 d5 4. e3 Bg7 5. Qb3 e6 6. Qa3 c6 7. Nf3 a5 8. b3 Na6 9. c5 Nd7 10. Bxa6 Rxa6 11. Na4 O-O 12. Bb2 Qe7 13. O-O Re8 14. Rac1 Bf8 15. Ba1 b5 16. Nb2 b4 17. Qa4 Bb7 18. a3 bxa3 19. Qxa3 Raa8 20. Rfe1 Bg7 21. Na4 Ba6 22. Bc3 Bb5 23. Nb2 e5 24. Bxa5 e4 25. Nd2 Qh4 26. Qb4 Ra7 27. Bb6 Ra2 28. Na4 Ra8 29. Ra1 Rxa1 30. Rxa1 Nxb6 31. cxb6 Qd8 32. Qc3 Bf8 33. h3 Rb8 34. f3 Bxa4 35. bxa4 Qxb6 36. fxe4 Bb4 37. Qc2 Bxd2 38. Qxd2 dxe4 39. a5 Qa6 40. Qc2 Rb5 41. Qxe4 Rxa5 42. Rf1 Qc4 43. Rf6 Ra6 44. Qe8+ Kg7 45. Qe5 Qd5 46. Qxd5 Ra1+ 47. Kf2 cxd5 48. Rc6 Ra7 49. Rd6 Ra5 50. h4 h5 51. Kf3 Kf8 52. Rd7 Kg7 53. Rc7 Ra6 54. Rd7 Rf6+ 55. Ke2 Rf5 56. Rd8 g5 57. hxg5 Rxg5 58. Kf3 Rf5+ 59. Kg3 Rg5+ 60. Kf4 f6 1/2-1/2

[Event "ECC"]
[Site "Rethymnon"]
[Date "2003.10.02"]
[Round "5"]
[White "Aleksandrov, Aleksej"]
[Black "Areshchenko, Alexander"]
[Result "1/2-1/2"]
[WhiteElo "2659"]
[BlackElo "2542"]
[PlyCount "78"]
[EventDate "2003.09.28"]
[Source "Roberto Alvarez"]
[SourceDate "2003.10.06"]

1. d4 Nf6 2. c4 g6 3. Nc3 d5 4. e3 Bg7 5. Qb3 e6 6. Qa3 b6 7. Nf3 Bb7 8. cxd5 exd5 9. Ne5 Nfd7 10. Nxd7 Nxd7 11. g3 c6 12. Bg2 a5 13. O-O b5 14. Ne2 b4 15. Qa4 O-O 16. Nf4 c5 17. Qd1 Nf6 18. dxc5 Qe7 19. Nd3 Ne4 20. a3 Nxc5 21. axb4 Nxd3 22. Qxd3 Qxb4 23. Rd1 Rfd8 24. Bd2 Qb6 25. Bc3 Bxc3 26. Qxc3 Rdc8 27. Qe5 Qe6 28. Qd4 Rc4 29. Qd2 Rc5 30. Ra4 Bc6 31. Rf4 Rb8 32. Bf1 Qe7 33. Rc1 Rxc1 34. Qxc1 Qb7 35. h4 h5 36. Qc3 a4 37. Bg2 Qb5 38. Bf3 Ba8 39. Qc2 Qe8 1/2-1/2

[Event "Moscow ol (Men)"]
[Site "Moscow"]
[Date "1994.??.??"]
[Round "4"]
[White "Malaniuk, Vladimir P"]
[Black "Stohl, Igor"]
[Result "1/2-1/2"]
[WhiteElo "2610"]
[BlackElo "2560"]
[PlyCount "38"]
[EventDate "1994.11.??"]
[Source "ChessBase"]

1. d4 Nf6 2. c4 g6 3. Nc3 d5 4. e3 Bg7 5. Qb3 e6 6. Qa3 Nc6 7. Nf3 Ne7 8. Bd3 O-O 9. O-O b6 10. Rd1 Bb7 11. cxd5 Nexd5 12. Bd2 Nxc3 13. Bxc3 Ne4 14. Bb4 Re8 15. Ba6 Qc8 16. Bxb7 Qxb7 17. Rac1 c5 18. Be1 Red8 19. dxc5 Nxc5 1/2-1/2

[Event "ISR Ch"]
[Site "Tel Aviv ISR"]
[Date "1994.??.??"]
[Round "10"]
[White "Khenkin, Igor"]
[Black "Alterman, Boris"]
[Result "0-1"]
[WhiteElo "2555"]
[BlackElo "2595"]
[PlyCount "120"]
[EventDate "1994.10.??"]
[Source "www.chesslib.no"]
[SourceDate "2004.05.04"]

1. d4 Nf6 2. c4 g6 3. Nc3 d5 4. e3 Bg7 5. Qb3 e6 6. Qa3 Nc6 7. Nf3 Ne7 8. Be2 O-O 9. O-O b6 10. cxd5 Nexd5 11. Nxd5 exd5 12. b4 Ne4 13. Bb2 Bg4 14. Rfe1 Nd6 15. Qb3 Bxf3 16. Bxf3 c6 17. Rac1 Qd7 18. a4 a6 19. e4 Nxe4 20. Bxe4 dxe4 21. Rxe4 Rfe8 22. Rxe8+ Rxe8 23. h3 b5 24. axb5 axb5 25. Qc2 Re6 26. Qc5 Bf8 27. Qc3 Qd5 28. Re1 Rxe1+ 29. Qxe1 f6 30. Bc3 Kf7 31. f3 Bd6 32. Qd2 Qb3 33. Kf2 h5 34. h4 Qc4 35. Qe1 Qd3 36. g3 Qc2+ 37. Kg1 Qd3 38. Kg2 g5 39. hxg5 fxg5 40. Kf2 g4 41. f4 h4 42. gxh4 Bxf4 43. Kg1 Qc2 44. Qf2 Qxf2+ 45. Kxf2 Kg6 46. Be1 Kh5 47. Ke2 Bd6 48. Ke3 Be7 49. Ke4 Bxh4 50. Bd2 g3 51. Kf3 Kg6 52. Ke4 g2 53. Be3 Be1 54. Kf3 Kf5 55. d5 cxd5 56. Kxg2 Bxb4 57. Kf3 Bc3 58. Bc5 d4 59. Ke2 Ke4 60. Kd1 d3 0-1

[Event "King's Island, OH"]
[Site "?"]
[Date "2002.11.16"]
[Round "3"]
[White "Finegold Ben"]
[Black "Kalantarian Norik"]
[Result "1-0"]
[WhiteElo "2643"]
[BlackElo "2477"]
[PlyCount "65"]
[EventDate "2002.??.??"]
[Source "www.chesslib.no"]
[SourceDate "2004.05.04"]

1. d4 Nf6 2. c4 g6 3. Nc3 d5 4. e3 Bg7 5. Qb3 dxc4 6. Bxc4 O-O 7. Nf3 Nbd7 8. Ng5 e6 9. Bxe6 fxe6 10. Nxe6 Qe7 11. Nxc7+ Kh8 12. Nxa8 Ng4 13. Nd5 Qh4 14. g3 Qh3 15. Nf4 Rxf4 16. gxf4 Qg2 17. Rf1 Nxh2 18. Qc4 Nb6 19. Nxb6 Bg4 20. f3 Nxf3+ 21. Rxf3 Qxf3 22. Kd2 axb6 23. Kc3 h5 24. Bd2 Bf5 25. Kb3 Kh7 26. Bc3 Qe4 27. d5 Qc2+ 28. Ka3 Bf8+ 29. d6 Bxd6+ 30. b4 Kh6 31. Qd4 Bxb4+ 32. Qxb4 h4 33. Rg1 1-0

[Event "IHEM 2004"]
[Site "Hamburg"]
[Date "2004.06.02"]
[Round "5.2"]
[White "Farago, Ivan"]
[Black "Ftacnik, Lubomir"]
[Result "1/2-1/2"]
[WhiteElo "2507"]
[BlackElo "2579"]
[PlyCount "33"]
[EventDate "2004.05.29"]
[Source "Roberto Alvarez"]
[SourceDate "2004.06.07"]

1. d4 Nf6 2. c4 g6 3. Nc3 d5 4. e3 Bg7 5. Qb3 e6 6. Qa3 Nc6 7. Nf3 a5 8. Bd2 Nb4 9. Qa4+ Bd7 10. Qb3 dxc4 11. Bxc4 Bc6 12. Be2 O-O 13. O-O Nbd5 14. Ne5 Nxc3 15. bxc3 Ne4 16. Nxc6 bxc6 17. Rad1 1/2-1/2

[Event "Mind Sports Games - Blitz Team"]
[Site "Pechino CINA"]
[Date "2008.10.13"]
[Round "4"]
[White "Drozdovskij, Y."]
[Black "Nolte, R."]
[Result "1-0"]
[WhiteElo "2587"]
[BlackElo "2489"]
[PlyCount "83"]
[EventDate "2008.10.13"]
[Source "www.chesslib.no"]
[SourceDate "2004.05.04"]

1. d4 Nf6 2. c4 g6 3. Nc3 d5 4. e3 Bg7 5. Qb3 dxc4 6. Bxc4 O-O 7. Nf3 Nc6 8. Be2 a6 9. O-O Na5 10. Qc2 Bf5 11. e4 Bg4 12. Be3 Nc6 13. Rad1 Qc8 14. d5 Bxf3 15. Bxf3 Ne5 16. Be2 c6 17. Bd4 Ned7 18. dxc6 Qxc6 19. e5 Nd5 20. Bf3 e6 21. Rfe1 Rac8 22. Qb3 Nc5 23. Nxd5 exd5 24. Qxd5 Ne6 25. Qxc6 bxc6 26. Bc3 h5 27. Rd6 c5 28. Bd5 Nd4 29. Rxg6 Nb5 30. Bd2 Kh7 31. Rxa6 Rfd8 32. Be4+ Kg8 33. Bg5 Rd4 34. Rb6 Nc7 35. Rc6 Bxe5 36. g3 Ra8 37. Rxc5 Re8 38. Bf3 f6 39. Rxc7 fxg5 40. Rc5 g4 41. Bc6 Re6 42. Bd5 1-0

[Event "Novi Sad (ol)"]
[Site "?"]
[Date "1990.??.??"]
[Round "?"]
[White "Klinger, J."]
[Black "Ftacnik, L."]
[Result "1-0"]
[WhiteElo "2520"]
[BlackElo "2550"]
[PlyCount "94"]
[EventDate "1990.??.??"]
[Source "ChessBase"]
[SourceDate "1990.07.01"]

1. d4 Nf6 2. c4 g6 3. Nc3 d5 4. e3 Bg7 5. Qb3 e6 6. Qa3 Nc6 7. Nf3 Ne7 8. Be2 O-O 9. O-O b6 10. Bd2 dxc4 11. Bxc4 Bb7 12. Ba6 Bxa6 13. Qxa6 Nd7 14. Rfd1 c5 15. Rac1 Nf5 16. dxc5 Nxc5 17. Qa3 Nh4 18. Ne1 Nf5 19. e4 Nd4 20. b4 Nxe4 21. Nxe4 Ne2+ 22. Kh1 Nxc1 23. Qxc1 Qd5 24. Qb1 Rfd8 25. Nf3 f5 26. Ng3 e5 27. Nf1 Rac8 28. Re1 Qd3 29. Qxd3 Rxd3 30. h4 Rc2 31. Nxe5 Bxe5 32. Rxe5 Rdxd2 33. Nxd2 Rxd2 34. a3 Kf7 35. Kg1 Rd3 36. Re3 Rxe3 37. fxe3 Ke6 38. Kf2 Ke5 39. b5 Ke4 40. Ke2 h6 41. g3 Kd5 42. Kf3 g5 43. hxg5 hxg5 44. a4 Ke5 45. Ke2 Kd6 46. Kf3 Kd5 47. Ke2 Kc4 1-0

[Event "It (open)"]
[Site "?"]
[Date "2005.05.04"]
[Round "6"]
[White "Cebalo Miso"]
[Black "Predojevic Borki"]
[Result "1/2-1/2"]
[WhiteElo "2507"]
[BlackElo "2549"]
[PlyCount "67"]
[EventDate "2005.??.??"]
[Source "www.chesslib.no"]
[SourceDate "2004.05.04"]

1. d4 Nf6 2. c4 g6 3. Nc3 d5 4. h4 c6 5. cxd5 cxd5 6. Bf4 Bg7 7. e3 Nc6 8. Nf3 O-O 9. Be2 Ne4 10. Rc1 Bg4 11. Qb3 Nxc3 12. Rxc3 Qd7 13. O-O Rfc8 14. Rfc1 a6 15. Qd1 e6 16. Ne1 Bxe2 17. Qxe2 e5 18. dxe5 Nxe5 19. Bxe5 Bxe5 20. Rxc8+ Rxc8 21. Rd1 Bf6 22. g3 Qe6 23. b3 Qe4 24. f3 Rc5 25. Kg2 h5 26. Nd3 Kg7 27. Nf4 Rc2 28. Rd2 Rc1 29. Nxd5 Qb1 30. Qf2 Be5 31. e4 a5 32. Re2 Qd3 33. Rd2 Qb1 34. Re2 1/2-1/2

[Event "Ostrava"]
[Site "?"]
[Date "1994.??.??"]
[Round "?"]
[White "Conquest, S."]
[Black "Stohl, I."]
[Result "1-0"]
[WhiteElo "2495"]
[BlackElo "2560"]
[PlyCount "57"]
[EventDate "1994.??.??"]
[Source "ChessBase"]
[SourceDate "1994.06.01"]

1. c4 g6 2. d4 Nf6 3. Nc3 d5 4. f3 c5 5. dxc5 d4 6. Nb5 e5 7. Bg5 Nbd7 8. e3 dxe3 9. Nd6+ Bxd6 10. Qxd6 Ne4 11. Bxd8 Nxd6 12. cxd6 Kxd8 13. Ne2 f5 14. Nc3 b6 15. Be2 Bb7 16. O-O Nc5 17. b4 Ne6 18. a4 Kd7 19. Rfd1 Nd4 20. a5 Ke6 21. Kf1 Rhd8 22. a6 Bc6 23. c5 bxc5 24. bxc5 Rab8 25. Bc4+ Kd7 26. Rab1 f4 27. Rdc1 g5 28. Nd5 Ne6 29. Nf6+ 1-0

[Event "Yerevan"]
[Site "Yerevan"]
[Date "1980.??.??"]
[Round "5"]
[White "Knezevic, Milorad"]
[Black "Tukmakov, Vladimir B"]
[Result "1/2-1/2"]
[WhiteElo "2490"]
[BlackElo "2560"]
[PlyCount "55"]
[EventDate "1980.06.??"]
[Source "ChessBase"]

1. d4 Nf6 2. c4 g6 3. Nc3 d5 4. e3 Bg7 5. Qb3 e6 6. Qa3 b6 7. Nf3 Bb7 8. cxd5 exd5 9. Ne5 a6 10. Be2 Nbd7 11. Nxd7 Qxd7 12. O-O Bf8 13. Qa4 Bd6 14. Qxd7+ Kxd7 15. f3 Rae8 16. Bd2 Nh5 17. e4 Nf4 18. Bd1 f6 19. Bc2 Rhf8 20. Rad1 b5 21. Rfe1 c6 22. Be3 Ne6 23. Bf2 f5 24. Bg3 Bxg3 25. hxg3 fxe4 26. fxe4 Ng5 27. e5 Bc8 28. Rc1 1/2-1/2

[Event "Paris op"]
[Site "Paris"]
[Date "1998.??.??"]
[Round "9"]
[White "Kogan, Artur"]
[Black "Avrukh, Boris"]
[Result "0-1"]
[WhiteElo "2485"]
[BlackElo "2565"]
[PlyCount "70"]
[EventDate "1998.07.??"]
[Source "www.chesslib.no"]
[SourceDate "2004.05.04"]

1. d4 g6 2. c4 Nf6 3. Nc3 d5 4. e3 Bg7 5. Qb3 e6 6. Qa3 Nc6 7. Nf3 Ne7 8. Be2 O-O 9. O-O b6 10. Rd1 Ne4 11. Bd2 Nxd2 12. Nxd2 c6 13. Rac1 Bd7 14. b4 a6 15. Qb3 Nf5 16. Nf3 b5 17. c5 Qc7 18. a4 Rad8 19. Bd3 Ne7 20. axb5 axb5 21. Ra1 e5 22. Nxe5 Bxe5 23. dxe5 Qxe5 24. Ra7 Rfe8 25. h3 Be6 26. Qb2 d4 27. Ne4 Nf5 28. Bc2 Bc4 29. Rd2 Rd5 30. f4 Qg7 31. exd4 Rxd4 32. Rxd4 Nxd4 33. Kh1 Bd5 34. Nd6 Re1+ 35. Kh2 Nf3+ 0-1

[Event "ISR-chT"]
[Site "Israel"]
[Date "1999.04.02"]
[Round "6"]
[White "Lev, Ronen"]
[Black "Huzman, Alexander"]
[Result "1/2-1/2"]
[WhiteElo "2457"]
[BlackElo "2575"]
[PlyCount "43"]
[EventDate "1999.01.??"]
[Source "www.chesslib.no"]
[SourceDate "2004.05.04"]

1. d4 Nf6 2. c4 g6 3. Nc3 d5 4. Qa4+ Bd7 5. Qb3 dxc4 6. Qxc4 Bg7 7. e4 O-O 8. e5 Be6 9. exf6 Bxc4 10. fxg7 Kxg7 11. Bxc4 Qxd4 12. Be2 Nc6 13. Nf3 Qb6 14. O-O Rad8 15. Rb1 e5 16. Re1 a6 17. b4 Rfe8 18. Bf1 f6 19. Na4 Qa7 20. Nc5 a5 21. Be3 b6 22. Bb5 1/2-1/2

[Event "Bar Sozina Open"]
[Site "?"]
[Date "2005.03.07"]
[Round "4"]
[White "Abramovic Bosko"]
[Black "Predojevic Borki"]
[Result "1/2-1/2"]
[WhiteElo "2478"]
[BlackElo "2546"]
[PlyCount "86"]
[EventDate "2005.??.??"]
[Source "www.chesslib.no"]
[SourceDate "2004.05.04"]

1. d4 Nf6 2. c4 g6 3. Nc3 d5 4. e3 Bg7 5. cxd5 Nxd5 6. Bc4 Nb6 7. Bb3 Nc6 8. Nf3 O-O 9. O-O e5 10. Nxe5 Nxe5 11. dxe5 Bxe5 12. Qf3 c6 13. e4 Qh4 14. g3 Qf6 15. Qxf6 Bxf6 16. Be3 Be6 17. f4 Rfd8 18. Rfd1 Nc4 19. Bxc4 Bxc4 20. e5 Be7 21. Ne4 b6 22. a4 Rxd1+ 23. Rxd1 Rd8 24. Rxd8+ Bxd8 25. a5 c5 26. Kf2 Bd5 27. Nf6+ Bxf6 28. exf6 h5 29. axb6 axb6 30. h4 Kf8 31. b4 cxb4 32. Bxb6 Ke8 33. Bc5 b3 34. Ba3 Kd7 35. Ke3 Ke6 36. Bb2 Bc6 37. Bc3 Kf5 38. Bb2 Kg4 39. Kf2 Bd7 40. Bc3 Kf5 41. Ke3 Kg4 42. Kf2 Kf5 43. Ke3 Kg4 1/2-1/2

[Event "ISR-chT"]
[Site "?"]
[Date "2002.03.09"]
[Round "6"]
[White "Botvinnik Ilia"]
[Black "Greenfeld Alon"]
[Result "1/2-1/2"]
[WhiteElo "2443"]
[BlackElo "2574"]
[PlyCount "67"]
[EventDate "2002.??.??"]
[Source "www.chesslib.no"]
[SourceDate "2004.05.04"]

1. d4 Nf6 2. c4 g6 3. Nc3 d5 4. f3 c5 5. cxd5 Nxd5 6. Na4 Bg7 7. Nxc5 Nc6 8. Nb3 Nb6 9. e3 O-O 10. f4 Bf5 11. Bd2 Nd5 12. Nf3 Ncb4 13. Kf2 Bc2 14. Qe1 a5 15. Rc1 Rc8 16. Na1 Qb6 17. Bxb4 Nxb4 18. Nxc2 Nxc2 19. Qd2 Nxe3 20. Rxc8 Rxc8 21. Kxe3 e5 22. Nxe5 g5 23. g3 gxf4+ 24. gxf4 Bxe5 25. fxe5 Qh6+ 26. Ke2 Qh5+ 27. Kf2 Qf5+ 28. Kg1 Kh8 29. Qf2 Qg4+ 30. Qg3 Qe4 31. Qf2 Qg4+ 32. Qg3 Qxd4+ 33. Qf2 Qg4+ 34. Qg3 1/2-1/2

[Event "Barcelona"]
[Site "Barcelona ESP"]
[Date "1993.??.??"]
[Round "7"]
[White "Pomes Marcet, Juan"]
[Black "Tukmakov, Vladimir B"]
[Result "0-1"]
[WhiteElo "2410"]
[BlackElo "2605"]
[PlyCount "82"]
[EventDate "1993.??.??"]
[Source "www.chesslib.no"]
[SourceDate "2004.05.04"]

1. d4 Nf6 2. c4 g6 3. Nc3 d5 4. f3 Bg7 5. e4 e6 6. e5 Nfd7 7. f4 dxc4 8. Bxc4 c5 9. dxc5 Bxe5 10. Ne4 O-O 11. Nf3 Bg7 12. O-O b6 13. Be3 bxc5 14. Ne5 Qc7 15. Nxf7 Rxf7 16. Bxe6 Nb6 17. Bxf7+ Qxf7 18. Bxc5 N8d7 19. Bd4 Bb7 20. Bxg7 Bxe4 21. Bc3 Nd5 22. Qd4 N7f6 23. b3 Nxc3 24. Qxc3 Re8 25. Rac1 h5 26. Qa5 Nd5 27. Qd2 Kh7 28. Rf2 Re6 29. Re1 Nf6 30. Rfe2 Qc7 31. Qd4 Rd6 32. Qb4 Rb6 33. Qd4 Rd6 34. Qb4 a5 35. Qa3 Rd4 36. Qb2 Qb6 37. Kh1 h4 38. Qc3 Qd6 39. Qxa5 h3 40. Qe5 hxg2+ 41. Kg1 Qb6 0-1

[Event "ISL-FRA"]
[Site "Reykjavik"]
[Date "1993.??.??"]
[Round "5"]
[White "Petursson, Margeir"]
[Black "Hauchard, Arnaud"]
[Result "1/2-1/2"]
[WhiteElo "2560"]
[BlackElo "2450"]
[PlyCount "52"]
[EventDate "1993.??.??"]
[Source "ChessBase"]

1. c4 Nf6 2. Nc3 g6 3. d4 d5 4. Bg5 Ne4 5. Bf4 Nxc3 6. bxc3 Bg7 7. e3 O-O 8. Nf3 c5 9. Rb1 cxd4 10. cxd4 Nc6 11. Be2 dxc4 12. Bxc4 Qa5+ 13. Qd2 Qxd2+ 14. Kxd2 b6 15. Rhc1 Bb7 16. Bb5 Rfc8 17. d5 Nd8 18. e4 e6 19. Bc4 exd5 20. exd5 Rc5 21. Bb3 Ra5 22. Re1 Bxd5 23. Re8+ Bf8 24. Bxd5 Rxd5+ 25. Ke1 Kg7 26. Be5+ f6 1/2-1/2

[Event "Tallinn"]
[Site "Tallinn EST"]
[Date "1971.03.04"]
[Round "9"]
[White "Nei, Iivo"]
[Black "Smejkal, Jan"]
[Result "0-1"]
[WhiteElo "2500"]
[BlackElo "2510"]
[PlyCount "108"]
[EventDate "1971.02.20"]
[Source "www.chesslib.no"]
[SourceDate "2004.05.04"]

1. c4 Nf6 2. Nc3 d5 3. d4 g6 4. Bg5 Ne4 5. Bh4 Nxc3 6. bxc3 c5 7. cxd5 Qxd5 8. e3 cxd4 9. Qxd4 Qxd4 10. cxd4 e6 11. Rb1 Nc6 12. Bb5 Bd7 13. Nf3 Be7 14. Bg3 f6 15. Nd2 Rc8 16. O-O Na5 17. Bd3 Rc3 18. Be4 Bc6 19. Rfc1 Rxc1+ 20. Rxc1 Kd7 21. Nb3 Rc8 22. Bxc6+ Rxc6 23. Rxc6 Nxc6 24. Kf1 Nb4 25. a4 Nd3 26. Na5 Nb2 27. Nxb7 Nxa4 28. Ke2 Kc6 29. Na5+ Kb5 30. Nb7 Nb6 31. Kd3 Nc8 32. e4 Kb6 33. Nc5 Bxc5 34. dxc5+ Kxc5 35. Kc3 Nd6 36. f3 Nb5+ 37. Kd3 Kc6 38. Bh4 f5 39. Be1 Nd6 40. Kd4 fxe4 41. fxe4 Nf7 42. Kc4 Ne5+ 43. Kd4 Nd7 44. Kc4 a6 45. Bc3 Nc5 46. Bb4 Nxe4 47. Kd4 Nf6 48. Ke5 Nd5 49. Bd2 Kd7 50. g4 Ke7 51. Be1 Nb6 52. Bh4+ Kf7 53. Bf2 Nd7+ 54. Kd4 e5+ 0-1

[Event "It (Open) INT"]
[Site "?"]
[Date "2006.05.06"]
[Round "?"]
[White "Drozdovskij Yuri"]
[Black "Gajsin Evgenij"]
[Result "1-0"]
[WhiteElo "2550"]
[BlackElo "2451"]
[PlyCount "71"]
[EventDate "2006.??.??"]
[Source "www.chesslib.no"]
[SourceDate "2004.05.04"]

1. d4 Nf6 2. c4 g6 3. Nc3 d5 4. e3 Bg7 5. Qb3 dxc4 6. Bxc4 O-O 7. Nf3 c5 8. d5 Nbd7 9. e4 Nb6 10. O-O Bg4 11. Ne5 Bc8 12. Nf3 Bg4 13. Be2 e6 14. h3 Bxf3 15. Bxf3 exd5 16. exd5 Re8 17. Be3 Nfd7 18. d6 Rb8 19. Rad1 Ne5 20. Be2 Rc8 21. Bb5 Nbd7 22. Nd5 c4 23. Qa3 Bf8 24. Bxa7 b6 25. Nc7 Bxd6 26. Qxd6 Qxc7 27. Qxc7 Rxc7 28. Bxb6 Rb7 29. Bxd7 Nxd7 30. Bd4 Ra8 31. a3 Nb8 32. Rfe1 Nc6 33. Bc3 Kf8 34. Rd6 Ne7 35. Red1 Rc8 36. Rd8+ 1-0

[Event "Trnava"]
[Site "Trnava"]
[Date "1983.??.??"]
[Round "?"]
[White "Knezevic, Milorad"]
[Black "Ftacnik, Lubomir"]
[Result "0-1"]
[WhiteElo "2440"]
[BlackElo "2560"]
[PlyCount "100"]
[EventDate "1983.03.??"]
[Source "ChessBase"]

1. d4 Nf6 2. c4 g6 3. Nc3 d5 4. e3 Bg7 5. Qb3 e6 6. Qa3 Nc6 7. Nf3 Ne7 8. Qa4+ c6 9. Be2 O-O 10. O-O Qc7 11. c5 Nd7 12. e4 dxe4 13. Nxe4 e5 14. dxe5 Nxe5 15. Nd6 Bg4 16. Qe4 Bxf3 17. Bxf3 Nxf3+ 18. Qxf3 Nd5 19. Bf4 Nxf4 20. Qxf4 b6 21. Rab1 bxc5 22. Qg3 Qa5 23. a3 Qa4 24. Rfc1 Rab8 25. Nc4 Rb3 26. Qg4 Rxb2 27. Rxb2 Bxb2 28. Qd1 Qxd1+ 29. Rxd1 Bf6 30. Kf1 Re8 31. Rd6 Bc3 32. Ne3 Bd4 33. Nc4 Rb8 34. Rxc6 Rb1+ 35. Ke2 Ra1 36. Ra6 Ra2+ 37. Kd3 Rxf2 38. Rxa7 Rxg2 39. a4 Rxh2 40. a5 Bg1 41. Rb7 Ra2 42. Rb1 Bh2 43. Kc3 Bc7 44. Rb5 h5 45. Rxc5 Bg3 46. Kb3 Ra1 47. Kb2 Re1 48. Rc8+ Kg7 49. a6 Bf2 50. Rc7 Re6 0-1

[Event "It (Open) Djakovo CRO"]
[Site "?"]
[Date "2006.05.03"]
[Round "5"]
[White "Cebalo Miso"]
[Black "Stojanovic Dalibor"]
[Result "1/2-1/2"]
[WhiteElo "2506"]
[BlackElo "2492"]
[PlyCount "107"]
[EventDate "2006.??.??"]
[Source "www.chesslib.no"]
[SourceDate "2004.05.04"]

1. d4 g6 2. c4 Nf6 3. Nc3 d5 4. h4 c6 5. cxd5 cxd5 6. Bf4 Nc6 7. e3 Bg7 8. Be2 O-O 9. h5 Ne4 10. Nf3 Bg4 11. hxg6 hxg6 12. Rc1 Nxc3 13. bxc3 Rc8 14. O-O Na5 15. Nd2 Bxe2 16. Qxe2 Nc4 17. e4 e5 18. dxe5 Nxe5 19. Rfd1 Qf6 20. Bg3 Rfd8 21. exd5 Rxd5 22. Ne4 Rxd1+ 23. Rxd1 Qe7 24. Rd5 Rd8 25. c4 Rxd5 26. cxd5 f5 27. d6 Qe6 28. Bxe5 Bxe5 29. Qd1 fxe4 30. d7 Bf6 31. d8=Q+ Bxd8 32. Qxd8+ Kf7 33. Qc7+ Qe7 34. Qc4+ Kf8 35. Qc8+ Kg7 36. Qc3+ Qf6 37. Qc7+ Kh6 38. Qh2+ Kg5 39. Qg3+ Kh6 40. Qh2+ Kg7 41. Qc7+ Qf7 42. Qe5+ Kh6 43. Qxe4 Qxa2 44. Qxb7 Qa1+ 45. Kh2 Qe5+ 46. g3 a5 47. Qa7 g5 48. Qd7 Kg6 49. Qc6+ Qf6 50. Qe4+ Kh6 51. Kg2 Qa6 52. Qa4 Kg6 53. Qe8+ Kf6 54. Qf8+ 1/2-1/2

[Event "XIX Czech Chladek & Tintera A Open"]
[Site "Pardubice CEC"]
[Date "2008.07.25"]
[Round "8"]
[White "Dziuba, M."]
[Black "Bykhovsky, An ISR"]
[Result "1-0"]
[WhiteElo "2570"]
[BlackElo "2426"]
[PlyCount "97"]
[EventDate "2008.07.18"]
[Source "www.chesslib.no"]
[SourceDate "2004.05.04"]

1. d4 Nf6 2. c4 g6 3. Nc3 d5 4. Bd2 c6 5. e3 Bg7 6. Rc1 O-O 7. Nf3 Ne4 8. cxd5 Nxd2 9. Nxd2 cxd5 10. Be2 Nc6 11. O-O e5 12. dxe5 Bxe5 13. Nf3 Bg7 14. Qa4 d4 15. Rfd1 Bd7 16. exd4 Nxd4 17. Rxd4 Bxa4 18. Rxd8 Rfxd8 19. Nxa4 Rac8 20. Nc3 Rc5 21. g3 Rdc8 22. Rb1 b6 23. Kg2 Bxc3 24. bxc3 Rxc3 25. a4 Ra3 26. Bd1 Kg7 27. Rb4 Rd8 28. Be2 h6 29. h4 Ra2 30. Bb5 Rd6 31. Re4 Rf6 32. g4 Ra3 33. Nd2 Ra2 34. Rd4 Rc2 35. Bd7 g5 36. hxg5 hxg5 37. Bf5 Ra2 38. Ne4 Rc6 39. Nxg5 Rc7 40. Ne4 Re7 41. Kg3 Ra3+ 42. Kf4 Rc7 43. g5 Rc2 44. Rd7 Rxa4 45. f3 Rc6 46. Kg3 Ra5 47. Kg4 Ra4 48. Rb7 Rc1 49. Be6 1-0

[Event "Linares Anibal op 5th"]
[Site "Linares"]
[Date "1998.01.26"]
[Round "7"]
[White "Kruppa, Yuri"]
[Black "Aronian, Levon"]
[Result "1-0"]
[WhiteElo "2540"]
[BlackElo "2455"]
[PlyCount "89"]
[EventDate "1998.01.20"]
[Source "ChessBase"]
[SourceDate "1998.03.09"]

1. d4 Nf6 2. c4 g6 3. Nc3 d5 4. h4 c6 5. e3 Bg7 6. Bd2 O-O 7. Rc1 Nbd7 8. cxd5 cxd5 9. Nf3 a6 10. Qb3 e6 11. a4 Re8 12. Be2 Nb8 13. Ne5 Nc6 14. f4 Nd7 15. Nf3 Na5 16. Qc2 Nf6 17. Ne5 Nd7 18. Nf3 Nf6 19. O-O Bd7 20. Ne5 Rc8 21. b4 Nc6 22. Qb1 Qe7 23. Nxc6 Rxc6 24. b5 axb5 25. axb5 Rcc8 26. g3 Bf8 27. Rc2 Ra8 28. Ra2 Rec8 29. Rc1 Ne8 30. Rxa8 Rxa8 31. Nd1 Nd6 32. Bb4 Qe8 33. Nc3 Qd8 34. Bd3 Rc8 35. Kf2 Qe8 36. Bc5 Qd8 37. Na4 Be8 38. Nb6 Rc7 39. Rc2 Qb8 40. Ra2 Qd8 41. Ra8 Nc8 42. Qb4 Bxc5 43. dxc5 Kg7 44. Rb8 Bd7 45. Na8 1-0

[Event "It (Open) Moscow RUS"]
[Site "?"]
[Date "2006.02.08"]
[Round "2"]
[White "Drozdovskij Yuri"]
[Black "Rakhmanov Alexander"]
[Result "0-1"]
[WhiteElo "2550"]
[BlackElo "2442"]
[PlyCount "81"]
[EventDate "2006.??.??"]
[Source "www.chesslib.no"]
[SourceDate "2004.05.04"]

1. d4 Nf6 2. c4 g6 3. Nc3 d5 4. e3 Bg7 5. Qb3 e6 6. Qa3 dxc4 7. Bxc4 Bf8 8. Qb3 Bg7 9. Nf3 O-O 10. e4 Nc6 11. e5 Na5 12. Qa4 Nxc4 13. exf6 Nb6 14. fxg7 Nxa4 15. gxf8=Q+ Qxf8 16. Nxa4 Qb4+ 17. Nc3 b6 18. a3 Qc4 19. Be3 Bb7 20. O-O-O Bxf3 21. gxf3 b5 22. d5 e5 23. f4 f6 24. fxe5 fxe5 25. Kc2 b4 26. axb4 Qxb4 27. b3 Rb8 28. Rb1 c6 29. dxc6 Rc8 30. Rhc1 Rxc6 31. Kb2 Qb7 32. Rd1 Rc8 33. Na4 Qb5 34. Rbc1 Rb8 35. Rc3 a5 36. Rdc1 Kf7 37. Rc7+ Kf6 38. R1c6+ Kf5 39. Rf7+ Kg4 40. f3+ Kh3 41. Rxh7+ 0-1

[Event "Rishon Le Ziyyon YM"]
[Site "Rishon Le Ziyyon"]
[Date "1995.??.??"]
[Round "5"]
[White "Kogan, Artur"]
[Black "Mikhalevski, Victor"]
[Result "1-0"]
[WhiteElo "2465"]
[BlackElo "2525"]
[PlyCount "103"]
[EventDate "1995.02.??"]
[Source "ChessBase"]

1. d4 Nf6 2. c4 g6 3. Nc3 d5 4. e3 Bg7 5. Qb3 e6 6. Qa3 Nc6 7. Nf3 Ne7 8. Be2 O-O 9. O-O b6 10. cxd5 exd5 11. b4 Bb7 12. Qb3 c6 13. a4 a6 14. Bb2 Qd6 15. Rfd1 Rfe8 16. Ne5 Nd7 17. Nxd7 Qxd7 18. a5 b5 19. e4 Rad8 20. Bf3 Bc8 21. Rac1 Qb7 22. exd5 cxd5 23. Ne2 g5 24. h3 Nf5 25. Rc5 Be6 26. Rdc1 Rd7 27. Rc6 Qa7 28. Rb6 Nd6 29. Rcc6 Nc4 30. Rxa6 Qb7 31. Ng3 Rc7 32. Rcb6 Nxb6 33. Rxb6 Qa8 34. Rxb5 Qa6 35. Rc5 Rxc5 36. dxc5 d4 37. Qa4 Rb8 38. Bc6 Qc4 39. Ba3 Bc8 40. Bf3 Ba6 41. Qd7 Rf8 42. Qf5 h6 43. Be4 Rd8 44. b5 Qc3 45. bxa6 Qxa3 46. Nh5 Qa1+ 47. Kh2 d3 48. Nxg7 Kxg7 49. Bxd3 Kf8 50. Bc4 f6 51. Qh7 Qe5+ 52. g3 1-0